West Virginia Interstates - Statistics

General Stats
  • This quiz has been taken 101 times
  • The average score is 5 of 7
Answer Stats
Answer % Correct
I-79
86%
I-64
85%
I-77
82%
I-70
76%
I-68
72%
I-81
57%
I-470
35%
No matching quizzes found
Score Distribution
Percent of People with Each Score
Percentile by Number Answered
Your Score History
You have not taken this quiz